Crop science in rice : Theory of yield determination and its application

Contents: Chapter I. Outline; Chapter II. When the number of panicles is determined; Chapter III. How the number of panicles can be predicted;... .

Uloženo v:
Podrobná bibliografie
Hlavní autor: Matsushima, Seizo
Médium: Kniha
Jazyk:Undetermined
Vydáno: Tokyo Fuji Publishing Co., Ltd 1979
Témata:
Tagy: Přidat tag
Žádné tagy, Buďte první, kdo otaguje tento záznam!
Thư viện lưu trữ: Trung tâm Học liệu Trường Đại học Cần Thơ
LEADER 00704nam a2200205Ia 4500
001 CTU_226867
008 210402s9999 xx 000 0 und d
082 |a 633.18 
082 |b M434 
100 |a Matsushima, Seizo 
245 0 |a Crop science in rice : 
245 0 |b Theory of yield determination and its application 
245 0 |c Seizo Matsushima 
260 |a Tokyo 
260 |b Fuji Publishing Co., Ltd 
260 |c 1979 
520 |a Contents: Chapter I. Outline; Chapter II. When the number of panicles is determined; Chapter III. How the number of panicles can be predicted;... . 
650 |a Cây lúa,Rice 
910 |b nthai 
980 |a Trung tâm Học liệu Trường Đại học Cần Thơ